Norgesmestere i ishockey - Statistics

General Stats
  • This quiz has been taken 46 times
  • The average score is 59 of 80
Answer Stats
År Mester % Correct
2010 Stavanger
97%
2012 Stavanger
97%
2013 Stavanger
97%
2014 Stavanger
97%
2015 Stavanger
97%
2016 Stavanger
97%
2017 Stavanger
97%
1960 Vålerenga
95%
1962 Vålerenga
95%
1963 Vålerenga
95%
1965 Vålerenga
95%
1966 Vålerenga
95%
1967 Vålerenga
95%
1968 Vålerenga
95%
1969 Vålerenga
95%
1970 Vålerenga
95%
1971 Vålerenga
95%
1973 Vålerenga
95%
1982 Vålerenga
95%
1985 Vålerenga
95%
1987 Vålerenga
95%
1988 Vålerenga
95%
1991 Vålerenga
95%
1992 Vålerenga
95%
1993 Vålerenga
95%
1998 Vålerenga
95%
1999 Vålerenga
95%
2001 Vålerenga
95%
2003 Vålerenga
95%
2005 Vålerenga
95%
2006 Vålerenga
95%
2007 Vålerenga
95%
2009 Vålerenga
95%
1995 Storhamar
89%
1996 Storhamar
89%
1997 Storhamar
89%
2000 Storhamar
89%
2004 Storhamar
89%
2008 Storhamar
89%
2018 Storhamar
89%
1975 Frisk Asker
86%
1979 Frisk Asker
86%
2002 Frisk Asker
86%
2019 Frisk Asker
86%
1984 Sparta
81%
1989 Sparta
81%
2011 Sparta
81%
1981 Stjernen
81%
1986 Stjernen
81%
1994 Lillehammer
78%
1977 Manglerud Star
73%
1978 Manglerud Star
73%
1949 Furuset
65%
1951 Furuset
65%
1952 Furuset
65%
1954 Furuset
65%
1980 Furuset
65%
1983 Furuset
65%
1990 Furuset
65%
1972 Hasle-Løren
59%
1974 Hasle-Løren
59%
1976 Hasle-Løren
59%
1950 Gamlebyen
43%
1953 Gamlebyen
43%
1955 Gamlebyen
43%
1956 Gamlebyen
43%
1958 Gamlebyen
43%
1959 Gamlebyen
43%
1964 Gamlebyen
43%
1946 Forward
38%
1957 Tigrene
32%
1961 Tigrene
32%
1936 Grane
22%
1937 Grane
22%
1939 Grane
22%
1940 Grane
22%
1935 Trygg
22%
1938 Trygg
22%
1947 Stabæk
19%
1948 Strong
19%
No matching quizzes found
Score Distribution
Percent of People with Each Score
Percentile by Number Answered
Your Score History
You have not taken this quiz